車両からバス会社を当てる - Statistics

General Stats
  • This quiz has been taken 107 times
  • The average score is 13 of 18
Answer Stats
Picture Answer % Correct
はとバス
96%
都営バス
92%
富士急バス
82%
国際興業バス
76%
東急バス
76%
JRバス
74%
京王バス
73%
神奈中バス
73%
京成バス
71%
横浜市営バス
70%
ウィラーエクスプレス
69%
京急バス
69%
西武バス
68%
小田急バス
66%
東京空港交通(リムジンバス)
62%
東武バス
59%
関東バス
57%
西東京バス
51%
No matching quizzes found
Score Distribution
Percent of People with Each Score
Percentile by Number Answered
Your Score History
You have not taken this quiz